000
00321 a2200145 4500
001
187243
020
_a
040
_c
Magnum
100
_a
Atié, Lourdes
240
1
0
_a
Solo: a base da vida
_l
por
245
1
0
_a
Solo: a base da vida
300
_a
16
697
_a
EDUCAÇÃO EM GERAL E DISCIPLINAS AFINS
942
_c
BK
999
_c
187243
_d
187243